000 00692nam a2200181Ia 4500
003 GCL
008 140319s9999 xx 000 0 ara d
040 _aGCL /
_cGCL
082 0 4 _aق
_b953.084
_bد ا
100 1 _aابن دقماق : صارم الدين ابراهيم بن محمد بن ايدمر المصرى
245 1 0 _aالانتصار لواسطة عقد الامصار /
_cابن دقماق : صارم الدين ابراهيم بن محمد بن ايدمر المصرى
260 _a[S.N] :
_bالهيئة المصرية العامة للكتاب
490 _a
650 0 4 _aتاريخ
650 0 4 _aدولة المماليك
650 0 4 _aالقاهرة
942 _2ddc
_cBK
999 _c36363
_d36363